书目信息 |
| 题名: |
法学教育与诊所式教学方法
|
|
| 作者: | 杨欣欣 主编 | |
| 分册: | ||
| 出版信息: | 北京 法律出版社 2002.07 |
|
| 页数: | 17, 438页 | |
| 开本: | 21cm | |
| 丛书名: | 诊所式法律教育丛书 | |
| 单 册: | ||
| 中图分类: | D90 , D90-42 | |
| 科图分类: | ||
| 主题词: | 法学教育--教学法--研究 | |
| 电子资源: | ||
| ISBN: | 7-5036-3872-9 | |
| 000 | 01020nam 2200265 450 | |
| 001 | 0100100043 | |
| 005 | 20050831205905.43 | |
| 010 | @a7-5036-3872-9@dCNY27.00 | |
| 100 | @a20021227d2002 em y0chiy0110 ea | |
| 101 | 0 | @achi |
| 102 | @aCN@b110000 | |
| 105 | @ay z 000yy | |
| 200 | 1 | @a法学教育与诊所式教学方法@Afa xue jiao yu yu zhen suo shi jiao xue fang fa@d= Clinical legal education@f杨欣欣主编@Fyang xin xin zhu bian@zeng |
| 210 | @a北京@c法律出版社@d2002.07 | |
| 215 | @a17, 438页@d21cm | |
| 225 | 2 | @a诊所式法律教育丛书@Azhen suo shi fa lu^ jiao yu cong shu |
| 330 | @a本书分为五个部分, 包含了十五篇文章, 包括法学教育与法律职业、诊所方法论与教学法、构建诊所与将诊所融入法学院课程、诊所教学方法在美国以外的发展、诊所法律教育的未来。 | |
| 410 | 0 | @12001 @a诊所式法律教育丛书 |
| 510 | 1 | @aClinical legal education@zeng |
| 606 | 0 | @a法学教育@x教学法@x研究 |
| 690 | @aD90@v4 | |
| 690 | @aD90-42@v4 | |
| 701 | 0 | @a杨欣欣@Ayang xin xin@4主编 |
| 801 | 0 | @aCN@bQSSK@c20050831 |
| 905 | @a10447@dD90@eY307 | |
| 法学教育与诊所式教学方法= Clinical legal education/杨欣欣主编.-北京:法律出版社,2002.07 |
| 17, 438页;21cm.-(诊所式法律教育丛书) |
| ISBN 7-5036-3872-9:CNY27.00 |
| 本书分为五个部分, 包含了十五篇文章, 包括法学教育与法律职业、诊所方法论与教学法、构建诊所与将诊所融入法学院课程、诊所教学方法在美国以外的发展、诊所法律教育的未来。 |
| ● |
| 相关链接 |
|
|
|
正题名:法学教育与诊所式教学方法
索取号:D90/Y307
 
预约/预借
| 序号 | 登录号 | 条形码 | 馆藏地/架位号 | 状态 | 备注 |
| 1 | 566425 | 205664253 | 社科库509/509社科库 80排3列1层/ [索取号:D90/Y307] | 在馆 | |
| 2 | 566426 | 205664262 | 社科库509/509社科库 80排3列1层/ [索取号:D90/Y307] | 在馆 | |
| 3 | 566427 | 205664271 | 社科库509/509社科库 80排3列1层/ [索取号:D90/Y307] | 在馆 |